00325nam a22001457a 4500003000400000005001700004008004100021020001500062040000700077082001200084100002500096245002400121260002600145300000800171OSt20211126095759.0211126b |||||||| |||| 00| 0 eng d a0256132801 cHU a657.044 aKOERBER. KENNETH A. aCOLLEGE ACCOUNTING aAMERICAbLONDONc1993 a652